Практикум по программированию на Python. Ч. 2: Циклические алгоритмы и программы (Запись № 13632547)
[ простой вид ]
| 000 -МАРКЕР | |
|---|---|
| контрольное поле | 02214nam2a2200265 4500 |
| 001 - ИДЕНТИФИКАТОР ЗАПИСИ | |
| контрольное поле | RU\NLR\BIBL_A\022632276 |
| 005 - ИДЕНТИФИКАТОР ВЕРСИИ | |
| контрольное поле | 20260311170833.0 |
| 010 ## - МЕЖДУНАРОДНЫЙ СТАНДАРТНЫЙ НОМЕР КНИГИ (ISBN) | |
| Номер (ISBN) | 978-5-908007-14-6 |
| Тираж | 500 |
| 021 ## - НОМЕР ГОСУДАРСТВЕННОЙ РЕГИСТРАЦИИ | |
| Код страны | Российская Федерация |
| Номер | КН-П-25-047728 |
| Номер Листа государственной регистраци | КН-П-25-4630 |
| 035 ## - ДРУГИЕ СИСТЕМНЫЕ НОМЕРА | |
| Идентификатор записи | (NLR Aleph) 022632276 |
| 100 ## - ДАННЫЕ ОБЩЕЙ ОБРАБОТКИ | |
| Данные общей обработки | 20250926d2025 u y0rusy50 ca |
| 101 0# - ЯЗЫК РЕСУРСА | |
| Язык текста, звукозаписи и т.д. | русский |
| 102 ## - СТРАНА ПУБЛИКАЦИИ ИЛИ ПРОИЗВОДСТВА | |
| Страна публикации | Российская Федерация |
| 105 ## - ПОЛЕ КОДИРОВАННЫХ ДАННЫХ: ТЕКСТОВЫЕ МАТЕРИАЛЫ, МОНОГРАФИЧЕСКИЕ | |
| Кодированные данные о монографическом текстовом документе | a j 000yy |
| 200 1# - ЗАГЛАВИЕ И СВЕДЕНИЯ ОБ ОТВЕТСТВЕННОСТИ | |
| Основное заглавие | Циклические алгоритмы и программы |
| 210 ## - ПУБЛИКАЦИЯ, РАСПРОСТРАНЕНИЕ И ДР. | |
| Дата издания, распространения и т.д. | 2025 |
| 215 ## - ФИЗИЧЕСКАЯ ХАРАКТЕРИСТИКА | |
| Специфическое обозначение материала и объем | 121 с. |
| Другие сведения о физической характеристике | ил., табл. |
| 461 #0 - УРОВЕНЬ НАБОРА | |
| Встроенное поле | 001RU\NLR\BIBL_A\022632273 |
| -- | 2001#$aПрактикум по программированию на Python$eучебное пособие$eдля студентов по укрупненной группы специальностей и направлений подготовки 09.00.00 "Информатика и вычислительная техника"$fК. А. Майков, А. Н. Пылькин, Ю. С. Соколова, А. Б. Хвостова$gМинистерство науки и высшего образования Российской Федерации, Рязанский государственный радиотехнический университет имени В. Ф. Уткина$vЧ. 2 |
| Системный номер (АБИС) связанной записи | 13632546 |
| Место публикации | Рязань |
| Дата публикации | 2025– |
| Первые сведения об ответственности | К. А. Майков, А. Н. Пылькин, Ю. С. Соколова, А. Б. Хвостова |
| Имя издателя, распространителя и т.д. | Рязанский государственный радиотехнический университет |
| Сведения, относящиеся к заглавию | учебное пособие : для студентов по укрупненной группы специальностей и направлений подготовки 09.00.00 "Информатика и вычислительная техника" |
| Заглавие | Практикум по программированию на Python |
| Номер тома | Ч. 2 |
| 606 1# - НАИМЕНОВАНИЕ ТЕМЫ КАК ПРЕДМЕТ | |
| Наименование темы | Численный анализ |
| Формальный подзаголовок | Учебные издания для высших учебных заведений |
| Тематический подзаголовок | Алгоритмы |
| -- | Построение на компьютерах |
| Системный номер авторитетной/нормативной записи | 2083507 |
| Идентификатор авторитетной/нормативной записи | RU\NLR\AUTH\661259567 |
| 686 1# - ИНДЕКСЫ ДРУГИХ КЛАССИФИКАЦИЙ | |
| Индекс | В192.1с116я73-1 |
| 942 ## - ДОПОЛНИТЕЛЬНЫЕ ЭЛЕМЕНТЫ ЗАПИСИ (АБИС) | |
| Тип экземпляра АБИС | Книга |
| 980 ## - КОЛЛЕКЦИЯ | |
| Название коллекции | Национальная библиография |
Нет доступных экземпляров.